Soil nutrient status during the immature phase of growth in a Hevea plantation (Record no. 68851)

MARC details
000 -LEADER
fixed length control field 00514nam a2200181Ia 4500
100 ## - MAIN ENTRY--AUTHOR NAME
Personal name Abraham J
245 #0 - TITLE STATEMENT
Title Soil nutrient status during the immature phase of growth in a Hevea plantation
260 ## - PUBLICATION, DISTRIBUTION, ETC. (IMPRINT)
Name of publisher Indian Journal of Natural Rubber Research
Year of publication 2001
300 ## - PHYSICAL DESCRIPTION
Number of Pages 170-172
650 ## - SUBJECT ADDED ENTRY--TOPICAL TERM
Topical Term Growth
650 ## - SUBJECT ADDED ENTRY--TOPICAL TERM
Topical Term Hevea plantation
650 ## - SUBJECT ADDED ENTRY--TOPICAL TERM
Topical Term Immature phase
650 ## - SUBJECT ADDED ENTRY--TOPICAL TERM
Topical Term Soil nutrient status
700 ## - ADDED ENTRY--PERSONAL NAME
Personal name Philip A
700 ## - ADDED ENTRY--PERSONAL NAME
Personal name Punnoose K I
942 ## - ADDED ENTRY ELEMENTS (KOHA)
Koha item type Journals
Holdings
Withdrawn status Lost status Damaged status Not for loan Home library Current library Shelving location Date acquired Serial Enumeration / chronology Koha item type
      Journals RRII Library RRII Library Soils and agonomy 27/09/2002 Volume 14, Issue 2 Journals